Reading lives : reconstructing childhood, books, and schools in Britain, 1870-1920 /

Bibliographic Details
Main Author: Galbraith, Gretchen R., 1963-
Format: Book
Language:English
Published: New York : St. Martin's Press, 1997.
Edition:1st ed.
Subjects:

MARC

Tag First Indicator Second Indicator Subfields
LEADER 00000cam a2200000 a 4500
001 in00001398708
005 20151020053734.0
008 970324s1997 nyu b 001 0 eng
010 |a  97011631  
020 |a 0312121431 
035 |a (OCoLC)36681684 
035 |9 AHM9218AM 
040 |a DLC  |c DLC  |d TXA  |d UtOrBLW 
043 |a e-uk--- 
049 |a TXAM 
050 0 0 |a Z1037.A1  |b G35 1997 
082 0 0 |a 028.5/5/0941  |2 21 
100 1 |a Galbraith, Gretchen R.,  |d 1963- 
245 1 0 |a Reading lives :  |b reconstructing childhood, books, and schools in Britain, 1870-1920 /  |c Gretchen R. Galbraith. 
250 |a 1st ed. 
264 1 |a New York :  |b St. Martin's Press,  |c 1997. 
300 |a 184 pages ;  |c 22 cm. 
336 |a text  |b txt  |2 rdacontent 
337 |a unmediated  |b n  |2 rdamedia 
338 |a volume  |b nc  |2 rdacarrier 
504 |a Includes bibliographical references (pages [169]-180) and index. 
650 0 |a Children  |z Great Britain  |x Books and reading  |x History  |y 19th century. 
650 0 |a Children  |z Great Britain  |x Books and reading  |x History  |y 20th century. 
650 0 |a Education, Elementary  |z Great Britain  |x History  |y 19th century. 
650 0 |a Education, Elementary  |z Great Britain  |x History  |y 20th century. 
999 |a MARS 
999 f f |s 49695eed-c126-3ef2-ba7e-d452d1cb53f6  |i 46e96b7b-7561-39c6-9db6-088498546ac8  |t 0 
952 f f |p ric  |a Texas A&M University  |b Rellis Campus  |c Joint Library Facility  |d Remote Storage  |t 0  |e Z1037.A1 G35 1997  |h Library of Congress classification  |i unmediated -- volume  |m A14822011692 
998 f f |a Z1037.A1 G35 1997  |t 0  |l Remote Storage